Statistics for More Chickens than Humans

Click here to take the quiz!

General Stats

  • This quiz has been taken 13 times
  • The average score is 5 of 20

Answer Stats

Chicken to Human
Ratio
Country% Correct
12.89Iran
60%
6.87Brazil
50%
19.59Bolivia
30%
39.22
Guyana
30%
9.06Ecuador
30%
13.73Indonesia
30%
8.41Malaysia
30%
7.14Myanmar
30%
10.61Suriname
30%
8.83Uruguay
30%
17.25Dominican Republic
20%
12.24Kuwait
20%
10.81Lebanon
20%
28.12Trinidad and Tobago
20%
7.76Bahamas
10%
14.57Barbados
10%
37.44Brunei
10%
13.21Mauritius
10%
15.35Moldova
10%
7.89Tunisia
10%

Score Distribution

Percentile by Number Answered

Percent of People with Each Score

Your Score History

You have not taken this quiz